[Event "ICS Rated blitz match"]
[Site "207.99.83.227"]
[Date "1999.04.02"]
[Round "?"]
[White "kaspinha"]
[Black "Hossa"]
[Result "1-0"]
[WhiteElo "2137"]
[BlackElo "2449"]
[Annotator "Crafty v16.6"]
[PlyCount "141"]

{annotating for player Hossa using a scoring margin of +0.10 pawns. search
time limit is 12.00} 1. e4 1... e5 2. Nf3 Nc6 3. Bc4 Bc5 ({8:-0.50} 3... Bc5 4.
Qe2 d6 5. O-O f5 6. Nc3 Nf6 7. a3 fxe4 8. Nxe4 $14) ({8:-0.18} 3... f5 4. d3
fxe4 5. dxe4 Nf6 6. Bg5 h6 7. Bxf6 Qxf6 8. O-O $10) 4. O-O Nf6 5. d3 O-O 6. c3
d6 7. a4 Be6 ({8:-2.25} 7... Be6 8. Bxe6 fxe6 9. b4 Nxb4 10. cxb4 Bxb4 11. Bg5
11... Bc5 $18) ({8:-0.23} 7... Bb6 8. b4 a5 9. b5 Na7 10. Bg5 c6 11. Na3 cxb5
12. Nxb5 Nxb5 13. Bxb5 $10) 8. Bxe6 fxe6 9. b4 Bxb4 ({9:-3.50} 9... Bxb4 10.
cxb4 d5 11. exd5 Qxd5 12. Nc3 Qd6 13. b5 Nd4 14. Ng5 $18) ({9:-2.98} 9... d5
10. exd5 Bxf2+ 11. Rxf2 Qxd5 12. b5 Ng4 13. Rf1 Ne7 14. Bg5 $18) 10. cxb4 Nxb4
11. Qb3 Na6 ({9:-3.56} 11... Na6 12. Qxe6+ Kh8 13. Qc4 Qd7 14. Bg5 Qf7 15. Qc3
h6 16. Be3 $18) ({9:-3.24} 11... a5 12. Qxe6+ Kh8 13. Qb3 Qd7 14. Na3 Ng4 15.
Bd2 c5 16. Nc4 $18) 12. Qxe6+ Kh8 13. Ng5 Qe8 ({9:-3.34} 13... Qe8 14. Qc4 Qd7
15. Re1 h6 16. Nf3 Qf7 17. Qc3 17... Nc5 $18) ({9:-3.17} 13... Qd7 14. Qa2 Nc5
15. Qc2 Qg4 16. Be3 h6 17. Bxc5 dxc5 18. Nf3 $18) 14. Qxe8 Raxe8 15. Be3 Ng4
16. Nc3 Nb4 17. Rab1 Nxe3 18. fxe3 Rxf1+ 19. Kxf1 a5 20. Ke2 h6 21. Nf3 Re7 22.
Nd5 Nxd5 23. exd5 b6 24. Rc1 g5 25. g4 Rh7 26. h4 gxh4 27. Nxh4 Rg7 28. Rg1 Rg5
29. Nf3 Rg6 30. g5 hxg5 31. Rxg5 Rf6 32. Nh4 Rh6 33. Rg4 Rf6 34. e4 Rf7 35. Nf5
Kh7 36. Kf3 Kh8 37. Rg5 Kh7 38. Kg4 Rd7 39. Kh5 Kh8 40. Rg6 Kh7 41. Kg5 Rf7 42.
Re6 b5 43. axb5 a4 44. Rh6+ Kg8 45. Rh2 Rh7 46. Ra2 a3 47. Rxa3 Rh1 48. Rc3 Rb1
49. Kf6 Rd1 50. Rxc7 Rf1 51. b6 Kh8 52. b7 Rb1 53. Rc8+ Kh7 54. b8=Q Rxb8 55.
Nxd6 Rb2 56. Rc7+ Kh6 57. Nf5+ Kh5 58. d6 Kg4 59. d7 Rb6+ 60. Kxe5 Rb5+ 61. Ke6
Rb8 62. Rc8 Rb6+ 63. Nd6 Rb2 64. Rg8+ Kf3 65. d8=Q Rc2 66. Qf6+ Ke3 67. Rg3+
Ke2 68. Qf3+ Kd2 69. d4 Rc1 70. Qf2+ Kd1 71. Rg1# 1-0

[Event "ICS Rated blitz match"]
[Site "207.99.83.227"]
[Date "1999.04.02"]
[Round "?"]
[White "Hossa"]
[Black "egya"]
[Result "1-0"]
[WhiteElo "2422"]
[BlackElo "2182"]
[PlyCount "49"]

1. e4 b6 2. Nf3 Bb7 3. Bd3 e6 4. Nc3 Bc5 5. O-O Ne7 6. e5 Nf5 7. Bxf5 exf5 8.
d3 d6 9. Bg5 Qd7 10. exd6 Bxd6 11. Re1+ Kf8 12. d4 Nc6 13. d5 Ne7 14. Bxe7+
Bxe7 15. Ne5 Qd8 16. Qh5 g6 17. Qh6+ Kg8 18. Rad1 Bf8 19. Qf4 Bg7 20. Nb5 Qf6
21. Nxc7 Rd8 22. Qa4 a6 23. Ne8 Qg5 24. h4 Qxh4 25. Qxh4 {egya resigns} 1-0

[Event "ICS rated blitz match"]
[Site "207.99.83.227"]
[Date "1999.04.02"]
[Round "?"]
[White "egya"]
[Black "Hossa"]
[Result "0-1"]
[WhiteElo "2176"]
[BlackElo "2428"]
[PlyCount "46"]

1. e4 d6 2. d4 Nf6 3. Nc3 g6 4. Bg5 Bg7 5. e5 dxe5 6. dxe5 Nfd7 7. f4 h6 8. Bh4
g5 9. fxg5 Bxe5 10. Nf3 Bxc3+ 11. bxc3 hxg5 12. Bxg5 f6 13. Bd3 Nf8 14. O-O
fxg5 15. Nxg5 Qd6 16. Rxf8+ Kxf8 17. Qf3+ Ke8 18. h3 Qc5+ 19. Kh1 Qxg5 20. Rf1
Be6 21. Qxb7 Bxh3 22. Bb5+ Qxb5 23. Qxb5+ 23... Bd7+ {egya resigns} 0-1

[Event "ICS Rated blitz match"]
[Site "207.99.83.227"]
[Date "1999.04.02"]
[Round "?"]
[White "Hossa"]
[Black "kaspinha"]
[Result "1-0"]
[WhiteElo "2434"]
[BlackElo "2162"]
[PlyCount "113"]

1. e4 c6 2. Nc3 d5 3. exd5 cxd5 4. Nf3 Nc6 5. Bb5 Nf6 6. Ne5 Bd7 7. Nxd7 Qxd7
8. O-O e6 9. d3 Rc8 10. Bg5 Bb4 11. Bxf6 gxf6 12. Na4 Bd6 13. Qg4 Ke7 14. Qh4
Rcg8 15. c4 d4 16. c5 Bb8 17. f3 Rg7 18. Bxc6 Qxc6 19. Qxd4 Rhg8 20. Rf2 Be5
21. Qb4 Rd8 22. Rc2 Rd4 23. Rc4 Qxf3 24. c6+ Ke8 25. Qd2 Rxc4 26. dxc4 Qxc6 27.
Rd1 Bd4+ 28. Kh1 e5 29. b3 h5 30. Qe2 h4 31. Rxd4 h3 32. Rg4 hxg2+ 33. Kg1 Rxg4
34. Qxg4 b5 35. cxb5 Qxb5 36. Qc8+ Ke7 37. Qc5+ Qxc5+ 38. Nxc5 Kd6 39. Ne4+ Kd5
40. Nxf6+ Ke6 41. Nh5 f5 42. Kxg2 a5 43. a3 Kf7 44. Ng3 Ke6 45. Kf2 f4 46. Ne4
Kd5 47. Kf3 Kd4 48. Nd6 Kc3 49. Nb7 Kxb3 50. Nxa5+ Kxa3 51. Nc4+ Kb4 52. Nxe5
Kc5 53. h4 Kd5 54. Kxf4 Ke6 55. h5 Kf6 56. h6 Ke7 57. h7 {kaspinha resigns} 1-0

[Event "ICS rated blitz match"]
[Site "207.99.83.227"]
[Date "1999.04.02"]
[Round "?"]
[White "kaspinha"]
[Black "Hossa"]
[Result "0-1"]
[WhiteElo "2156"]
[BlackElo "2440"]
[PlyCount "46"]

1. e4 c5 2. Nf3 Nc6 3. Bb5 a6 4. Bxc6 dxc6 5. d3 Bg4 6. Qe2 Bxf3 7. Qxf3 e6 8.
O-O Bd6 9. Qe2 Ne7 10. f4 O-O 11. Nd2 Ng6 12. Nc4 Bc7 13. g3 b5 14. Ne3 Qd4 15.
Kg2 c4 16. Rd1 Bxf4 17. dxc4 Qxe4+ 18. Qf3 Qxf3+ 19. Kxf3 Bxe3 20. Kxe3 bxc4
21. Bd2 Rfd8 22. Bc3 Ne7 23. Rd4 23... Nf5+ {kaspinha resigns} 0-1

[Event "ICS Rated blitz match"]
[Site "207.99.83.227"]
[Date "1999.04.02"]
[Round "?"]
[White "Hossa"]
[Black "Secret"]
[Result "1-0"]
[WhiteElo "2445"]
[BlackElo "2709"]
[PlyCount "143"]

1. e4 e5 2. Nf3 Nc6 3. Bb5 f5 4. exf5 e4 5. Qe2 Qe7 6. Bxc6 dxc6 7. Nd4 Qe5 8.
Ne6 Bxe6 9. fxe6 Qxe6 10. d3 Nf6 11. Nd2 O-O-O 12. O-O Re8 13. Qe3 exd3 14.
Qxa7 dxc2 15. Qa8+ Kd7 16. Qxb7 Bd6 17. Qb3 Qxb3 18. Nxb3 c5 19. Na5 Ng4 20. f4
Re2 21. Nc4 Ra8 22. h3 Nf6 23. Rf2 Rxf2 24. Kxf2 Nd5 25. g3 h5 26. Kf3 h4 27.
gxh4 Rf8 28. Ke4 Ke6 29. Kd3 Nb4+ 30. Ke2 Bxf4 31. a3 Nc6 32. Kd3 Ne5+ 33. Nxe5
Bxe5 34. Kxc2 Rf2+ 35. Kb1 c4 36. a4 c3 37. bxc3 Bxc3 38. Ra2 Rf3 39. Ra3 Rg3
40. a5 Be1 41. Rxg3 Bxg3 42. Be3 Kd7 43. h5 Bd6 44. a6 Kc8 45. Bd4 Bf8 46. Ba7
Kd7 47. Kc2 c5 48. Bb6 Kc6 49. Bd8 Bd6 50. Kd3 Bh2 51. Kc4 Bd6 52. h4 Bf8 53.
a7 Kb7 54. Bb6 Be7 55. Kd5 Bf8 56. Bxc5 Bxc5 57. Kxc5 Kxa7 58. Kd5 Kb7 59. Ke6
Kb6 60. Kf7 Kc5 61. Kxg7 Kd5 62. h6 Kd4 63. h7 Ke5 64. h5 Kd4 65. h6 Ke5 66.
h8=Q Kd4 67. Qc8 Ke3 68. h7 Kd4 69. h8=Q Kd3 70. Qh4 Ke2 71. Qc2+ Ke3 72. Qhe4#
{Secret checkmated} 1-0

[Event "ICS rated blitz match"]
[Site "207.99.83.227"]
[Date "1999.04.02"]
[Round "?"]
[White "Hossa"]
[Black "Fallen-Star"]
[Result "1-0"]
[WhiteElo "2471"]
[BlackElo "2316"]
[PlyCount "101"]

1. e4 Nf6 2. e5 Nd5 3. Nc3 Nxc3 4. dxc3 g6 5. Nf3 Bg7 6. Bf4 O-O 7. Qd2 d6 8.
O-O-O Bg4 9. Be2 Nc6 10. exd6 cxd6 11. Bh6 Qa5 12. Bxg7 Kxg7 13. a3 Qc5 14.
Rdf1 b5 15. Nd4 Bxe2 16. Qxe2 Nxd4 17. cxd4 Qxd4 18. Qxe7 Rfe8 19. Qb7 Rab8 20.
Qf3 b4 21. Rd1 Qe5 22. Rd5 Qe6 23. axb4 Rxb4 24. Rhd1 Rb6 25. Qf4 Rd8 26. h4
Qf6 27. Qxf6+ Kxf6 28. g4 Ke6 29. f4 Rc6 30. f5+ gxf5 31. Rxf5 f6 32. Rdf1 Rf8
33. g5 Rc4 34. Rxf6+ Rxf6 35. Rxf6+ Ke5 36. Rh6 Rc7 37. g6 hxg6 38. Rxg6 Rh7
39. Rg4 d5 40. Kd2 a5 41. Rg5+ Kd4 42. h5 a4 43. Kd1 Kc4 44. Rf5 d4 45. Kd2 Rg7
46. Re5 Rg2+ 47. Re2 Rg7 48. h6 Rh7 49. Rh2 Kc5 50. Kd3 Kd5 51. Rh5+ {
Fallen-Star resigns} 1-0

[Event "ICS Rated blitz match"]
[Site "207.99.83.227"]
[Date "1999.04.02"]
[Round "?"]
[White "nimraz"]
[Black "Hossa"]
[Result "0-1"]
[WhiteElo "2144"]
[BlackElo "2480"]
[PlyCount "52"]

1. e4 d6 2. d4 Nf6 3. Nc3 g6 4. h4 Bg7 5. Be3 Nc6 6. d5 Ne5 7. f3 O-O 8. h5
gxh5 9. Qd2 c6 10. O-O-O cxd5 11. exd5 Bd7 12. Bh6 Bxh6 13. Qxh6 Rc8 14. g4
hxg4 15. Ne4 Bf5 16. Bd3 Nxd3+ 17. Rxd3 Nxe4 18. fxe4 Bxe4 19. Nf3 Bxd3 20. Kd2
Bxc2 21. Rh5 Qa5+ 22. Ke3 gxf3 23. Rg5+ Bg6 24. Kxf3 Qxa2 25. Ke2 Rc2+ 26. Kf1
26... Qb1# {nimraz checkmated} 0-1

[Event "ICS rated blitz match"]
[Site "207.99.83.227"]
[Date "1999.04.02"]
[Round "?"]
[White "nimraz"]
[Black "Hossa"]
[Result "1-0"]
[WhiteElo "2128"]
[BlackElo "2496"]
[Annotator "Crafty v16.6"]
[PlyCount "89"]

{annotating for player Hossa using a scoring margin of +0.10 pawns. search
time limit is 12.00} 1. e4 1... c5 2. Nf3 Nc6 3. d4 cxd4 4. Nxd4 Qb6 5. Nb5 Nf6
6. N1c3 a6 7. Na3 Qb4 ({8:-0.47} 7... Qb4 8. Bd3 d5 9. exd5 Nxd5 10. Qd2 Nxc3
11. bxc3 Qg4 12. O-O $14) ({8:-0.11} 7... e6 8. Nc4 Qc7 9. Bd3 Bb4 10. Bg5
Bxc3+ 11. bxc3 b5 12. Ne3 $10) 8. Bd3 d5 9. exd5 Nxd5 10. O-O Nxc3 11. bxc3
Qxc3 12. Rb1 Qa5 13. Nc4 Qd8 ({8:-0.58} 13... Qd8 14. Be3 e5 15. Qf3 Qh4 16.
Be4 Qf6 17. Qh5 $14) ({8:+0.17} 13... Qc7 14. Qf3 Be6 15. Bf4 Qd7 16. Nb6 Nd4
17. Qh5 $10) 14. Nb6 Rb8 15. Re1 e5 16. Qh5 Be6 17. Bg5 Qd4 18. Be3 Qc3 19. Bg5
Bc5 20. Be3 Bxb6 21. Bxb6 Bxa2 22. Rbd1 g6 23. Qh6 Ra8 24. Be4 Be6 25. Re3 Qb4
26. Bxc6+ bxc6 27. Rxe5 Qf8 28. Qg5 Qe7 29. Qh6 Rc8 30. Bc5 Rd8 31. Rde1 Qf6
32. Qe3 Rg8 33. f4 Rd5 34. g4 Rxe5 35. fxe5 Qh4 36. h3 h5 37. Rb1 Qd8 38. Bd6
hxg4 39. Qa7 gxh3 40. Rb8 h2+ 41. Kxh2 Rh8+ 42. Kg1 Rh1+ 43. Kxh1 Bd5+ 44. Kg1
Bc4 45. Qe7# 1-0

[Event "ICS Rated blitz match"]
[Site "207.99.83.227"]
[Date "1999.04.02"]
[Round "?"]
[White "nimraz"]
[Black "Hossa"]
[Result "1-0"]
[WhiteElo "2209"]
[BlackElo "2465"]
[Annotator "Crafty v16.6"]
[PlyCount "45"]

{annotating for player Hossa using a scoring margin of +0.10 pawns. search
time limit is 12.00} 1. e4 1... c5 2. Nf3 Nc6 3. d4 cxd4 4. Nxd4 Qb6 ({7:-0.49
} 4... Qb6 5. Nxc6 Qxc6 6. Nc3 Nf6 7. Bb5 Qe6 8. Qd4 $14) ({7:-0.26} 4... Qa5+
5. Nc3 Nf6 6. Nxc6 dxc6 7. Bd3 Bg4 8. f3 8... Bh5 $10) 5. Nb5 Nf6 6. N5c3 e6 7.
Bd3 Bc5 ({8:-0.09} 7... Bc5 8. O-O Qc7 9. Bg5 Qe5 10. Bxf6 Qxf6 11. Qh5 11...
Qd4 $10) ({8:+0.06} 7... Be7 8. Nd2 Ne5 9. Nf3 Qd6 10. Be2 O-O 11. O-O $10) 8.
O-O d6 ({8:-0.79} 8... d6 9. Na4 Qd8 10. Nxc5 dxc5 11. Be3 Qb6 12. Nd2 12...
O-O $16) ({8:-0.16} 8... Qc7 9. Nb5 Qe5 10. Nd2 O-O 11. Nf3 Qh5 12. Bf4 $10) 9.
Nd2 O-O 10. a3 Ne5 11. Na4 Bxf2+ 12. Kh1 Qd4 13. Nb3 Qxa4 14. Rxf2 Neg4 ({
9:+1.30} 14... Neg4 15. Re2 Qd7 16. Bg5 Qe7 17. Rd2 Re8 18. Bc4 18... Ne5 $17)
({9:+2.21} 14... Nxd3 15. cxd3 e5 16. Rxf6 gxf6 17. Bh6 Rd8 18. Rc1 d5 19. Qc2
dxe4 20. dxe4 $19) 15. Rf1 Bd7 16. h3 Ne5 17. Rxf6 gxf6 18. Bh6 Rfc8 19. Qe1
Rab8 20. Qh4 Qd4 21. Nxd4 f5 22. Qf6 fxe4 23. Qg7# 1-0

[Event "ICS rated blitz match"]
[Site "207.99.83.227"]
[Date "1999.04.02"]
[Round "?"]
[White "Hossa"]
[Black "nimraz"]
[Result "1-0"]
[WhiteElo "2439"]
[BlackElo "2235"]
[PlyCount "49"]

1. e4 c5 2. Bc4 e6 3. Nc3 a6 4. a4 Qc7 5. Nf3 Nf6 6. O-O Nc6 7. d3 h5 8. Bg5
Ng4 9. h3 Bd6 10. hxg4 hxg4 11. Nh4 Ne5 12. f4 gxf3 13. Nxf3 Ng4 14. e5 Nxe5
15. Ra3 Ng4 16. Nh4 Bh2+ 17. Kh1 Bg1 18. Bf4 Rxh4+ 19. Kxg1 Qd8 20. g3 d5 21.
gxh4 Qxh4 22. Nxd5 exd5 23. Qe1+ Kf8 24. Qxh4 dxc4 25. Qd8# {nimraz checkmated}
1-0

[Event "ICS rated blitz match"]
[Site "207.99.83.227"]
[Date "1999.04.02"]
[Round "?"]
[White "nimraz"]
[Black "Hossa"]
[Result "0-1"]
[WhiteElo "2227"]
[BlackElo "2447"]
[PlyCount "68"]

1. d4 Nf6 2. c4 g6 3. Nc3 Bg7 4. Bg5 d6 5. Qd2 Bf5 6. Bh6 Bxh6 7. Qxh6 Kd7 8.
f3 Kc8 9. e4 Bd7 10. Bd3 Nc6 11. Nge2 e5 12. d5 Nb4 13. Bb1 Na6 14. a3 Nc5 15.
Bc2 Qf8 16. Qe3 Be8 17. b4 Ncd7 18. Rc1 Qg7 19. O-O Qf8 20. Bd3 Kb8 21. Rc2 Qe7
22. Rb1 Kc8 23. Nc1 Nh5 24. Nb3 Nf4 25. Bf1 Qg5 26. Kh1 Nf6 27. c5 dxc5 28.
bxc5 N6h5 29. c6 Ng3+ 30. hxg3 Qh6+ 31. Kg1 Nh3+ 32. Kh2 Qxe3 33. Kxh3 Qh6+ 34.
Kg4 34... Qh5# {nimraz checkmated} 0-1

[Event "ICS rated blitz match"]
[Site "207.99.83.227"]
[Date "1999.04.03"]
[Round "?"]
[White "Hossa"]
[Black "Play2Ke2"]
[Result "1-0"]
[WhiteElo "2454"]
[BlackElo "2101"]
[PlyCount "93"]

1. e4 d5 2. exd5 Qxd5 3. Nc3 Qa5 4. Nf3 Nf6 5. Be2 Bf5 6. Nd4 Bg6 7. O-O c6 8.
Nb3 Qc7 9. d3 Nbd7 10. Be3 e6 11. Qd2 Bd6 12. f4 h5 13. Bd4 a6 14. Rae1 c5 15.
Bxf6 Nxf6 16. Bd1 O-O-O 17. d4 cxd4 18. Qxd4 Kb8 19. Qa4 Ng4 20. Kh1 Qb6 21.
Qd4 Qxd4 22. Nxd4 Bc5 23. Bxg4 Bxd4 24. f5 exf5 25. Bxf5 Bxf5 26. Rxf5 Bxc3 27.
bxc3 f6 28. h4 Rd2 29. Re7 Rxc2 30. Rxg7 Rxc3 31. Rxf6 Rc4 32. Rb6 Rc7 33. Rg3
Rc4 34. Kg1 Rd8 35. Rg7 Rc7 36. Rg5 Rh8 37. Rg3 Rc4 38. Rgb3 Rh7 39. Rxa6 Rxh4
40. Re6 Rg4 41. Re8+ Kc7 42. Rc3+ Kd7 43. Rb8 Rb4 44. Rc2 Rg7 45. Rh8 Rb5 46.
Rhc8 h4 47. R8c7+ {Play2Ke2 resigns} 1-0

[Event "ICS rated blitz match"]
[Site "207.99.83.227"]
[Date "1999.04.03"]
[Round "?"]
[White "Hossa"]
[Black "TDChess"]
[Result "0-1"]
[WhiteElo "2458"]
[BlackElo "2486"]
[Annotator "Crafty v16.6"]
[PlyCount "122"]

{annotating for player Hossa using a scoring margin of +0.10 pawns. search
time limit is 12.00} 1. e4 1... e6 2. Nf3 d5 3. exd5 exd5 4. Bb5+ c6 5. Be2 Nf6
6. O-O Bd6 7. d3 O-O 8. Bg5 h6 9. Be3 Ng4 10. Bd2 Qc7 11. h3 Nh2 12. Re1 Na6
13. Nd4 Be5 14. Bc3 Re8 15. Nd2 ({7:+0.00} 15. Nd2 15... Bd7 16. g3 Qb6 17.
N2b3 c5 18. Ba5 $10) ({7:+0.39} 15. Nb3 15... Bxc3 16. Nxc3 Qd6 17. g3 d4 18.
Kxh2 dxc3 19. bxc3 $14) 15... Bd7 16. N4b3 Bf4 17. d4 Qd6 18. Rc1 Qg6 19. Bd3
Qg5 20. Bxa6 bxa6 21. Kh1 Ng4 22. Rf1 Qh4 23. Kg1 Bh2+ 24. Kh1 Bc7 25. Nc5
Nxf2+ 26. Rxf2 Qxf2 27. Nxd7 Re2 28. Qg1 Rxd2 29. Bxd2 Qxd2 30. Nc5 Re8 31. Qd1
Qxd1+ 32. Rxd1 a5 33. c3 Re2 34. Rb1 h5 35. Nb7 g5 36. Kg1 f5 37. a4 h4 38. Nc5
g4 39. hxg4 fxg4 40. Nd7 h3 41. gxh3 gxh3 42. b3 Rc2 43. Nf6+ Kh8 44. b4 axb4
45. cxb4 Bb6 46. Rd1 Rc4 47. Nd7 Bxd4+ 48. Kh2 Rxb4 49. Rc1 Rc4 50. Rxc4 dxc4
51. Kxh3 c3 52. a5 c2 53. Nf8 c1=Q 54. Ng6+ Kh7 55. Nh4 Be5 56. Nf3 Qe3 57. Kg2
Qe2+ 58. Kh1 Qxf3+ 59. Kg1 Qe2 60. a6 Bc7 61. Kh1 Qf1# 0-1

[Event "ICS rated blitz match"]
[Site "207.99.83.227"]
[Date "1999.04.03"]
[Round "?"]
[White "Hossa"]
[Black "Madawaska"]
[Result "1-0"]
[WhiteElo "2469"]
[BlackElo "2067"]
[PlyCount "107"]

1. e4 d5 2. exd5 Qxd5 3. Nc3 Qa5 4. Nf3 Nf6 5. Be2 e5 6. d4 exd4 7. Nxd4 Bb4 8.
Bd2 O-O 9. a3 Be7 10. Ndb5 Qb6 11. O-O Rd8 12. Qe1 Be6 13. Rd1 Na6 14. Be3 c5
15. Bd3 Nc7 16. Na4 Qc6 17. Nxc7 Qxc7 18. Nc3 Ng4 19. f4 Nxe3 20. Nb5 Qc6 21.
Qxe3 Bf6 22. Qe4 Qxe4 23. Bxe4 Bc4 24. Bxb7 Bxf1 25. Rxd8+ Rxd8 26. Kxf1 Rb8
27. Bc6 a6 28. Na7 Rxb2 29. c4 Rc2 30. Bd5 Bd4 31. Ke1 Ra2 32. Nc6 Rxa3 33. Nd8
Kf8 34. Nxf7 Rb3 35. Ng5 h6 36. Ne6+ Ke7 37. Kd2 a5 38. h4 a4 39. Nxd4 cxd4 40.
c5 a3 41. Bxb3 Kd7 42. Kd3 Kc7 43. Bd5 g6 44. Kxd4 a2 45. Bxa2 h5 46. Bf7 Kd8
47. Bxg6 Kc7 48. f5 Kd8 49. f6 Kc7 50. f7 Kb7 51. Be4+ Ka6 52. Kc4 Ka5 53. f8=Q
Ka4 54. Qa8# {Madawaska checkmated} 1-0

[Event "ICS Rated blitz match"]
[Site "207.99.83.227"]
[Date "1999.04.03"]
[Round "?"]
[White "Secret"]
[Black "Hossa"]
[Result "1-0"]
[WhiteElo "2573"]
[BlackElo "2465"]
[Annotator "Crafty v16.6"]
[PlyCount "129"]

{annotating for player Hossa using a scoring margin of +0.10 pawns. search
time limit is 12.00} 1. d4 1... Nf6 2. c4 g6 3. Nc3 Bg7 4. e4 d6 5. Nf3 Bg4 6.
Be2 O-O 7. O-O Nc6 8. Be3 e5 ({8:-0.70} 8... e5 9. d5 Ne7 10. Qd2 c6 11. Bh6
Bxh6 12. Qxh6 cxd5 13. cxd5 $14) ({8:-0.59} 8... Re8 9. d5 Na5 10. Qd3 c5 11.
Ng5 Bxe2 12. Qxe2 12... Qd7 $14) 9. d5 Ne7 10. c5 Bxf3 ({7:-0.66} 10... Bxf3
11. Bxf3 Qd7 12. cxd6 cxd6 13. Rc1 Rfc8 14. Qe2 14... a5 $14) ({7:-0.37} 10...
Bd7 11. cxd6 cxd6 12. Nd2 Be8 13. Bc4 Rc8 14. Rc1 $14) 11. Bxf3 b6 ({8:-1.31} 
11... b6 12. c6 a5 13. Qd3 a4 14. a3 Re8 15. Bg5 $16) ({8:-0.71} 11... Qd7 12.
cxd6 Qxd6 13. Qd2 a6 14. Bh6 Bxh6 15. Qxh6 c6 16. Rad1 cxd5 17. exd5 $16) 12.
c6 Rc8 13. Qa4 Ra8 14. Qa6 Qc8 15. Qd3 Kh8 16. Be2 Qe8 17. Bg5 Neg8 18. Qa6 Qc8
19. Qa4 Nh6 20. Ba6 Qd8 21. Bb7 Rb8 22. Qxa7 Nhg8 23. Qa4 Qe7 24. Rfd1 Bh6 25.
Bh4 g5 26. Bg3 Bg7 27. a3 Rbd8 28. Kf1 Nh5 29. Qc2 f5 30. exf5 Nh6 31. f6 Nxg3+
32. hxg3 Qxf6 33. Ne4 Qg6 34. Qe2 Nf5 35. Qd3 Nd4 36. Kg1 Rf5 37. Rf1 Rdf8 38.
g4 Rf4 39. f3 Qh6 40. Rae1 Qg6 41. a4 Bh6 42. b3 Qg8 43. Qc4 Rb8 44. b4 Rbf8
45. a5 b5 46. Qa2 Re8 47. a6 Rff8 48. a7 Rd8 49. Ra1 Ra8 50. Bxa8 Rxa8 51. Kf2
Qg6 52. Qa6 Nc2 53. Rac1 Nxb4 54. Qxb5 Nxd5 55. Qxd5 Bf8 56. Qa5 Qf7 57. Rb1
Qc4 58. Qxc7 Qd4+ 59. Kg3 Qc4 60. Rb7 Qg8 61. Nf6 Qg7 62. Rh1 Be7 63. Qxe7 Qg8
64. Rxh7+ Qxh7 65. Qxh7# 1-0

[Event "ICS Rated standard match"]
[Site "207.99.83.227"]
[Date "1999.04.03"]
[Round "?"]
[White "Secret"]
[Black "Hossa"]
[Result "0-1"]
[WhiteElo "2537"]
[BlackElo "2200"]
[PlyCount "160"]

1. Nf3 d5 2. g3 e6 3. Bg2 Bb4 4. O-O Nf6 5. d4 O-O 6. Bf4 b6 7. Ne5 Bb7 8. Nd2
Nh5 9. Be3 Nc6 10. Ndf3 Nf6 11. c3 Be7 12. Nxc6 Bxc6 13. Ne5 Bb7 14. Bf4 Rc8
15. c4 c5 16. dxc5 Bxc5 17. Qa4 Qe7 18. cxd5 Bxd5 19. e4 b5 20. Qxb5 Nxe4 21.
Rac1 Bxf2+ 22. Rxf2 Rxc1+ 23. Bxc1 Qc7 24. Bf4 Nxf2 25. Nd3 Qc2 26. Nxf2 Bc4
27. Qd7 Qxb2 28. a4 Qb4 29. Qd1 Bb3 30. Qc1 Qxa4 31. Ne4 Rd8 32. Bf3 Qb4 33.
Kg2 Bd5 34. Qc7 Qb2+ 35. Kh1 Rf8 36. Nd2 Bxf3+ 37. Nxf3 Qe2 38. Nd2 Qf2 39. Qc1
Rd8 40. Nf1 a5 41. Ne3 h5 42. Nf1 Qe2 43. Bd2 a4 44. Kg1 a3 45. Qxa3 Rxd2 46.
Nxd2 Qxd2 47. Qa8+ Kh7 48. Qe4+ Kh6 49. h4 Qd5 50. Qe3+ Kg6 51. Qc1 f6 52. Qc2+
Qf5 53. Qc6 e5 54. Qc3 Qg4 55. Qd3+ e4 56. Qe3 Qd1+ 57. Kf2 Qc2+ 58. Kg1 Kh7
59. Kf1 f5 60. Qe2 Qxe2+ 61. Kxe2 g5 62. Ke3 gxh4 63. gxh4 Kg6 64. Kf4 Kf6 65.
Ke3 Ke5 66. Ke2 Kd4 67. Kf1 Kd3 68. Ke1 e3 69. Kf1 Kd2 70. Kg2 Kd3 71. Kf1 Ke4
72. Ke2 Kd4 73. Kf3 Kd3 74. Kf4 e2 75. Kxf5 e1=Q 76. Kg5 Kd4 77. Kxh5 Qg1 78.
Kh6 Ke5 79. Kh7 Kf6 80. Kh6 80... Qg6# {Secret checkmated} 0-1

[Event "ICS Rated blitz match"]
[Site "207.99.83.227"]
[Date "1999.04.03"]
[Round "?"]
[White "Hossa"]
[Black "newfisher"]
[Result "1-0"]
[WhiteElo "2461"]
[BlackElo "2000"]
[Annotator "Crafty v16.6"]
[PlyCount "101"]

{annotating for player Hossa using a scoring margin of +0.10 pawns. search
time limit is 12.00} 1. e4 1... e5 2. Nf3 Nc6 3. Bb5 a6 4. Bxc6 dxc6 5. O-O f6
6. d4 exd4 7. Nxd4 c5 8. Nb3 Qxd1 9. Rxd1 Bd6 10. Be3 b6 11. Na3 Bb7 12. Nc4
O-O-O 13. Nbd2 Ne7 14. a4 a5 15. Rac1 Ng6 16. c3 Rhe8 17. f3 Bc6 18. b3 Re7 19.
Nxd6+ Rxd6 20. c4 Bb7 21. Rc2 Kb8 22. Ra2 Kc8 23. Kh1 Kb8 24. Bf2 Kc8 25. Rc2
Kb8 26. Bg3 Rd4 27. Kg1 Kc8 28. Bf2 Rd6 29. Rc3 Kb8 30. Bg3 Rd4 31. Rcc1 Kc8
32. Bf2 Rd6 33. Kh1 Kb8 34. Ra1 Kc8 35. Bg3 Rd4 36. Rab1 Kb8 37. Bf2 Rd6 38.
Be1 Kc8 39. Bg3 Rd4 40. Kg1 Kb8 41. Ra1 Kc8 42. Bf2 Rd6 43. Rab1 Kb8 44. Be3
Kc8 45. Nf1 Red7 46. Re1 Re7 47. Ng3 Nh4 48. Ne2 Ng6 49. Nc3 c6 50. f4 Rde6 51.
f5 1-0

[Event "ICS rated blitz match"]
[Site "207.99.83.227"]
[Date "1999.04.03"]
[Round "?"]
[White "Fallen-Star"]
[Black "Hossa"]
[Result "0-1"]
[WhiteElo "2266"]
[BlackElo "2463"]
[PlyCount "44"]

1. d4 Nf6 2. Nf3 e6 3. Bg5 Be7 4. Nbd2 O-O 5. e4 d5 6. Bd3 Nxe4 7. Bxe7 Qxe7 8.
Nxe4 dxe4 9. Bxe4 Qb4+ 10. Qd2 Qxb2 11. O-O Qa3 12. c4 Nd7 13. Rab1 Qa6 14.
Rfc1 c5 15. d5 Nf6 16. Qf4 exd5 17. cxd5 Re8 18. Ne5 Qe2 19. Re1 Qxa2 20. d6
Nxe4 21. Qxe4 Qe6 22. f4 22... f6 {Fallen-Star resigns} 0-1

[Event "ICS rated blitz match"]
[Site "207.99.83.227"]
[Date "1999.04.03"]
[Round "?"]
[White "Fallen-Star"]
[Black "Hossa"]
[Result "0-1"]
[WhiteElo "2244"]
[BlackElo "2471"]
[PlyCount "47"]

1. e4 e5 2. Nf3 Nc6 3. Bc4 Bc5 4. b4 Bxb4 5. c3 Be7 6. d4 exd4 7. cxd4 Nf6 8.
e5 Ne4 9. O-O O-O 10. d5 Na5 11. Qd4 Nc5 12. Be2 d6 13. Nc3 dxe5 14. Nxe5 Bd6
15. f4 f6 16. Nc4 Nab3 17. axb3 Nxb3 18. Qd1 Nxa1 19. Bb2 Bc5+ 20. Kh1 b5 21.
Nxb5 Rb8 22. Na5 Bd7 23. Qa4 Qe8 24. Rxa1 {Fallen-Star resigns} 0-1

[Event "ICS rated blitz match"]
[Site "207.99.83.227"]
[Date "1999.04.03"]
[Round "?"]
[White "Hossa"]
[Black "ClickToLose"]
[Result "1-0"]
[WhiteElo "2478"]
[BlackElo "2063"]
[PlyCount "54"]

1. e4 e5 2. Nf3 f5 3. exf5 Nf6 4. d4 e4 5. Nh4 d5 6. Be2 Bd6 7. Bh5+ Kf8 8. Bg5
c6 9. O-O Nbd7 10. Nd2 Qc7 11. h3 b5 12. a4 a5 13. axb5 cxb5 14. Be2 Rb8 15.
Nb3 a4 16. Nc5 Nxc5 17. Bxf6 gxf6 18. dxc5 Bf4 19. Qxd5 Bg5 20. Qxe4 Bb7 21.
Qb4 Qc6 22. Bf3 Qe8 23. Rae1 Qf7 24. c6+ Kg7 25. Re7 Bxh4 26. Rxf7+ Kxf7 27.
cxb7 27... Rhg8 {ClickToLose resigns} 1-0